000 00828pam a2200253 a 4500
001 4508470
003 SISC
005 20160316141838.0
008 980824s1999 cauam 001 0 eng
010 _a 98042563
020 _a9780534513603
040 _aDLC
_cDLC
_dDLC
050 0 0 _aM T6 .H 565
_b.M87 1998
082 0 0 _aHS 781.17
_bH67 1998
100 1 _aHoffer, Charles R.
_913820
245 1 0 _aMusic listening today /
_cby Charles R. Hoffer.
260 _aBelmont, CA :
_bWadsworth Pub. Co.,
_cc1999.
300 _a362 p. :
_bill. (some col.) ;
_c28 cm.
_e2 sound discs (digital ; 4 3/4 in.)
650 0 _aMusic appreciation.
_912804
906 _a7
_bcbc
_corignew
_d1
_eocip
_f19
_gy-gencatlg
942 _2lcc
_cBK
999 _c9491
_d9491